[Event "SPA Open A"]
[Site "Amsterdam NED"]
[Date "2011.07.10"]
[Round "2"]
[White "White,K"]
[Black "Vroombout,E"]
[Result "0-1"]
[WhiteElo "2104"]
[BlackElo "2175"]
[EventDate "2011.07.09"]

1. c4 Nf6 2. g3 c6 3. Bg2 d5 4. Nf3 g6 5. O-O Bg7 6. Qc2 O-O 7. d3 Na6 8.
a3 dxc4 9. Qxc4 Qb6 10. Qc2 Qc5 11. Qxc5 Nxc5 12. Nbd2 Rd8 13. d4 Nce4 14.
Nxe4 Nxe4 15. e3 c5 16. b4 cxd4 17. Nxd4 Nc3 18. Re1 e5 19. Nb3 e4 20. Bb2
Bg4 21. Nd4 Na4 22. Bc1 Bf3 23. Bf1 Rac8 24. Rb1 Bxd4 25. exd4 Rc2 26. Be3
a6 27. Rec1 Rdc8 28. Rxc2 Rxc2 29. Rc1 Rxc1 30. Bxc1 b5 31. Bg2 Bxg2 32.
Kxg2 f5 33. g4 Kf7 34. Kg3 Nc3 35. Bb2 Nd5 36. gxf5 gxf5 37. Kh4 Kg6 38. h3
f4 39. Bc1 Kf5 40. Bd2 Nf6 41. Bc1 Nd5 42. Bd2 e3 43. fxe3 fxe3 44. Be1 Nf4
45. Bc3 e2 46. Kg3 Nd3 0-1

[Event "SPA Open A"]
[Site "Amsterdam NED"]
[Date "2011.07.10"]
[Round "2"]
[White "Van Eekhout,D"]
[Black "Losekoot,P"]
[Result "1/2-1/2"]
[WhiteElo "2173"]
[BlackElo "2060"]
[EventDate "2011.07.09"]

1. e4 c5 2. Nf3 e6 3. d4 cxd4 4. Nxd4 Nf6 5. Nc3 d6 6. g3 Be7 7. Bg2 Nbd7
8. O-O a6 9. a4 O-O 10. b3 Qc7 11. Bb2 Ne5 12. h3 Rd8 13. f4 Nc6 14. Nde2
d5 15. e5 Ne4 16. Kh2 Bc5 17. Rc1 Be3 18. Ra1 Nb4 19. Rf3 Bd2 20. Nb1 Qxc2
21. Qxc2 Nxc2 22. Nxd2 Nxd2 23. Rd3 Nxa1 24. Bxa1 Nxb3 25. Rxb3 b5 26. a5
Bd7 27. Nc1 Rdc8 28. Nd3 Rc4 29. Nb4 Ra7 30. Bf1 Rc1 31. Bd4 Rac7 32. Nxa6
R7c2+ 33. Kg1 Rd1 34. Rd3 Rb1 35. Nb8 Bc8 36. a6 Rcc1 37. Rf3 b4 38. Kg2
Rc2+ 39. Rf2 Rcc1 40. Bd3 Rb3 41. Rd2 Rc7 42. Bb2 Rxd3 43. Rxd3 Rc2+ 44.
Kf3 Rxb2 45. Ke3 Ra2 46. Rd4 Ra3+ 47. Kf2 Bxa6 48. Rxb4 Ra2+ 49. Kf3 h5 50.
g4 Ra3+ 51. Kg2 Bd3 52. Nd7 Be4+ 53. Kh2 hxg4 54. hxg4 Rf3 55. g5 Rf2+ 56.
Kg3 Rg2+ 57. Kh3 Rg1 58. Rb8+ Kh7 59. Nf8+ Kg8 60. Nxe6+ Kh7 61. Nf8+ Kg8
62. g6 fxg6 63. Ne6+ Kf7 64. Ng5+ Ke7 65. Rb7+ Ke8 66. e6 Bf5+ 67. Kh2 Re1
68. Rb8+ Ke7 69. Rb7+ Ke8 70. Rb8+ 1/2-1/2

[Event "SPA Open A"]
[Site "Amsterdam NED"]
[Date "2011.07.11"]
[Round "3"]
[White "Reinderman,D"]
[Black "Lenderman,A"]
[Result "1/2-1/2"]
[WhiteElo "2618"]
[BlackElo "2525"]
[EventDate "2011.07.09"]

1. c4 e5 2. g3 Nf6 3. Bg2 d5 4. cxd5 Nxd5 5. Nc3 Nb6 6. Nf3 Nc6 7. O-O Be7
8. a3 Be6 9. b4 Nd4 10. Rb1 Nxf3+ 11. Bxf3 Rb8 12. d3 O-O 13. Qc2 c5 14.
Na4 cxb4 15. axb4 Rc8 16. Nc5 Bd5 17. e4 Bc6 18. Be3 Nd7 19. Qa2 Nxc5 20.
bxc5 a6 21. Rfd1 Bf6 22. Bg4 Rc7 23. f4 exf4 24. Bxf4 Bd4+ 25. Kg2 Bxc5 26.
Bxc7 Qxc7 27. Qc4 Qd6 28. Bf3 Bd4 29. Rf1 Bb5 30. Qb3 g6 31. Be2 Kg7 32.
Qb4 Qe5 33. Qd2 Bc6 34. Bf3 a5 35. Rfc1 f5 36. Rxc6 bxc6 37. Rb7+ Rf7 38.
Rxf7+ Kxf7 39. exf5 Qxf5 40. Bxc6 Qc5 41. Qf4+ Bf6 42. Qc7+ Be7 43. Qd7 Kf6
44. h4 Bd6 45. Be4 Qc2+ 46. Kh3 Qc7 47. Qxc7 Bxc7 48. Bc6 Ke5 49. Kg4 Kd4
50. Kg5 Bxg3 51. h5 gxh5 52. Kxh5 Bf4 53. Kg4 Ke3 54. d4 Bd6 55. d5 Ke4 56.
Kh5 a4 1/2-1/2

[Event "SPA Open A"]
[Site "Amsterdam NED"]
[Date "2011.07.11"]
[Round "3"]
[White "Horvath,Cs1"]
[Black "Sedlak,N"]
[Result "1/2-1/2"]
[WhiteElo "2517"]
[BlackElo "2580"]
[EventDate "2011.07.09"]

1. d4 Nf6 2. c4 g6 3. Nc3 d5 4. Nf3 Bg7 5. Qa4+ Bd7 6. Qb3 dxc4 7. Qxc4 Bc6
8. Bf4 O-O 9. Rd1 Bxf3 10. gxf3 c6 11. Qb3 Qb6 12. e4 e6 13. Bc4 Nbd7 14.
Qxb6 axb6 15. a4 Rfe8 16. Ke2 Nd5 17. Bxd5 exd5 18. Be3 Nf6 19. Kd3 Rad8
20. Rhe1 dxe4+ 21. fxe4 Ng4 22. f3 Ne5+ 23. Ke2 Nc4 24. Bf2 Nxb2 25. Rb1
Nc4 26. Red1 Bf8 27. f4 c5 28. dxc5 Rxd1 29. Rxd1 bxc5 30. Rd7 Nb6 31. Rxb7
Nxa4 32. Nd5 Rxe4+ 33. Kd3 Re6 34. Bh4 Kg7 35. Kc4 Rd6 36. Bg3 Re6 37. Bh4
g5 38. Bxg5 h6 39. Bh4 Re2 40. Bf6+ Kg6 41. Be5 f5 42. Kb3 Rd2 43. Rd7 Rxh2
44. Kxa4 h5 45. Ne7+ Bxe7 46. Rxe7 h4 47. Rg7+ Kh6 48. Kb5 h3 49. Rg8 Kh5
50. Rg5+ Kh6 51. Rg8 Kh5 52. Rg5+ Kh6 53. Rg8 1/2-1/2

[Event "SPA Open A"]
[Site "Amsterdam NED"]
[Date "2011.07.11"]
[Round "3"]
[White "Popovic,Du"]
[Black "Pruijssers,R"]
[Result "1/2-1/2"]
[WhiteElo "2569"]
[BlackElo "2461"]
[EventDate "2011.07.09"]

1. d4 Nf6 2. Nf3 g6 3. g3 Bg7 4. Bg2 O-O 5. O-O d6 6. c4 Nbd7 7. Nc3 e5 8.
e3 Re8 9. a4 a5 10. b3 exd4 11. exd4 Nb8 12. Ra2 Nc6 13. Re2 Rxe2 14. Nxe2
Bf5 15. Ba3 Qd7 16. Nf4 Bh6 17. Nd3 Bxd3 18. Qxd3 Nb4 19. Bxb4 axb4 20. Ne1
Rb8 21. Nc2 c5 22. dxc5 dxc5 23. Qxd7 Nxd7 24. Rd1 Nf8 25. Rd6 b6 26. Bd5
Bg5 27. f4 Be7 28. Rc6 Bd8 29. Kf2 Nd7 30. Ne3 Kf8 31. g4 g5 32. fxg5 Bxg5
33. Rc7 Ne5 34. h3 Bxe3+ 35. Kxe3 Re8 36. Kd2 Re7 37. Rc8+ Re8 38. Rc7 Re7
39. Rc8+ Re8 40. Rxe8+ Kxe8 41. Ke3 Ke7 42. Be4 h6 43. Kf4 Kf6 44. h4 Ng6+
45. Bxg6 fxg6 1/2-1/2

[Event "SPA Open A"]
[Site "Amsterdam NED"]
[Date "2011.07.11"]
[Round "3"]
[White "Friedel,J"]
[Black "Bezemer,A"]
[Result "1/2-1/2"]
[WhiteElo "2531"]
[BlackElo "2348"]
[EventDate "2011.07.09"]

1. e4 c5 2. Nf3 d6 3. d4 cxd4 4. Nxd4 Nf6 5. Nc3 a6 6. Be2 e5 7. Nb3 Be7 8.
O-O O-O 9. Kh1 Nc6 10. Be3 Be6 11. Qd2 d5 12. exd5 Nxd5 13. Nxd5 Qxd5 14.
Qxd5 Bxd5 15. Rad1 Be6 16. Nc5 Bxc5 17. Bxc5 Rfd8 18. Bb6 Rxd1 19. Rxd1 f5
20. a4 Rc8 21. c3 Kf7 22. g3 Ne7 23. a5 Bd5+ 24. Kg1 Ke6 25. f4 e4 26. Bd4
g6 27. Be5 g5 28. Kf2 Ng6 29. c4 Bc6 30. Bd6 gxf4 31. Bxf4 Ne5 32. Rd4 Ng4+
33. Kg1 Ne5 34. Kf2 Ng4+ 35. Kg2 Ne5 36. b3 Rg8 37. Kf2 Ng4+ 38. Bxg4 fxg4
39. Rd6+ Kf5 40. Ke3 Rg7 41. b4 Rd7 42. Rxd7 Bxd7 43. Kd4 Ba4 44. Be3 Bb3
45. b5 Ke6 46. c5 Kd7 47. c6+ Kc8 48. cxb7+ Kxb7 49. b6 Be6 50. Bh6 Bd7 51.
Kxe4 Bc8 52. Ke5 Bd7 53. Kf6 Bc8 54. Bd2 Kc6 55. Kg5 Kb7 56. Kh6 Bf5 57.
Bc3 Kc6 1/2-1/2

[Event "SPA Open A"]
[Site "Amsterdam NED"]
[Date "2011.07.11"]
[Round "3"]
[White "Wiersma,E"]
[Black "Haslinger,S"]
[Result "0-1"]
[WhiteElo "2390"]
[BlackElo "2548"]
[EventDate "2011.07.09"]

1. d4 d5 2. c4 c6 3. Nf3 Nf6 4. Nc3 a6 5. e3 e6 6. b3 Bb4 7. Bd2 Bd6 8. Bd3
c5 9. O-O O-O 10. Qe2 Nc6 11. Rad1 b6 12. dxc5 bxc5 13. e4 dxc4 14. Bxc4
Qc7 15. h3 h6 16. Rfe1 Ne5 17. Na4 Bb7 18. Bc3 Nfd7 19. Qd2 Nxf3+ 20. gxf3
Bh2+ 21. Kg2 Bc6 22. Nb2 Ne5 23. Nd3 Nxd3 24. Qxd3 Bf4 25. Rg1 Rfd8 26. Qe2
e5 27. Bd2 Bxd2 28. Rxd2 Rd4 29. Rxd4 cxd4 30. Kh2 Bb5 31. Qd2 Qd6 32. Bd5
Rc8 33. f4 d3 34. fxe5 Qxe5+ 35. Kh1 Rc2 36. Qe3 d2 37. Qf3 Be8 38. Qd3 Qc3
39. Bc4 Qxd3 40. Bxd3 Rc1 41. Be2 Bb5 0-1

[Event "SPA Open A"]
[Site "Amsterdam NED"]
[Date "2011.07.11"]
[Round "3"]
[White "Plukkel,S"]
[Black "Neverov,V"]
[Result "1/2-1/2"]
[WhiteElo "2298"]
[BlackElo "2500"]
[EventDate "2011.07.09"]

1. e4 c5 2. Nf3 e6 3. d4 cxd4 4. Nxd4 Nf6 5. Nc3 d6 6. Be2 Be7 7. O-O O-O
8. Be3 Nc6 9. Kh1 Re8 10. f4 Qc7 11. Qe1 Nxd4 12. Bxd4 e5 13. fxe5 dxe5 14.
Qg3 Bd8 15. Be3 Kh8 16. Rad1 Be6 17. Bg5 Nd7 18. Be3 a6 19. Bg4 Nf6 20. Bf5
Qc6 21. Qh3 Bxf5 22. Qxf5 Qe6 23. Bg5 Qxf5 24. Rxf5 Ba5 25. Bxf6 Bxc3 26.
Bh4 Bxb2 27. Rxf7 b5 28. Bf6 1/2-1/2

[Event "SPA Open A"]
[Site "Amsterdam NED"]
[Date "2011.07.11"]
[Round "3"]
[White "Wunnink,M"]
[Black "Riemersma,L"]
[Result "1/2-1/2"]
[WhiteElo "2258"]
[BlackElo "2416"]
[EventDate "2011.07.09"]

1. d4 d5 2. c4 c6 3. Nc3 dxc4 4. e4 b5 5. a4 b4 6. Na2 Nf6 7. e5 Nd5 8.
Bxc4 e6 9. Ne2 a5 10. O-O Ba6 11. Bxa6 Nxa6 12. Ng3 c5 13. Ne4 cxd4 14.
Qxd4 Qb6 15. Be3 Qxd4 16. Bxd4 Nb8 17. Nc1 Nc6 18. Nb3 Kd7 19. Rac1 Be7 20.
Nec5+ Bxc5 21. Nxc5+ Ke7 22. Nb3 Rhc8 23. Bc5+ Ke8 24. f4 Nb8 25. g3 Nd7
26. Bd4 N5b6 27. Rxc8+ Nxc8 28. Nd2 Ncb6 29. b3 Rc8 30. Ne4 Ke7 31. Nd6 Rc2
32. Rf2 Rc1+ 33. Rf1 Rc2 34. Rf2 Rc1+ 35. Rf1 Rc2 36. Ne4 Rc8 37. Nd6 Rc2
38. Nb7 Rd2 1/2-1/2

[Event "SPA Open A"]
[Site "Amsterdam NED"]
[Date "2011.07.11"]
[Round "3"]
[White "Van Weersel,A"]
[Black "Bosboom,M"]
[Result "0-1"]
[WhiteElo "2237"]
[BlackElo "2399"]
[EventDate "2011.07.09"]

1. e4 c5 2. Nf3 d6 3. c4 Nf6 4. Nc3 Bg4 5. h3 Bxf3 6. Qxf3 Nc6 7. g3 Nd7 8.
d3 g6 9. Qd1 Bg7 10. Bg2 Rb8 11. O-O a6 12. Be3 Nd4 13. Qd2 h5 14. f4 b5
15. cxb5 e6 16. bxa6 Qb6 17. Rf2 Qxa6 18. Re1 Qa5 19. Kh1 Nc6 20. a3 Rxb2
21. Qxb2 Bxc3 22. Bd2 Bxb2 23. Bxa5 Bd4 24. Ra2 Nxa5 25. Rb1 Ke7 26. a4 h4
27. g4 g5 28. f5 Ne5 29. Bf1 Nec6 30. Be2 Nb4 31. Ra3 Kf6 32. Kg2 Ke5 33.
Bd1 Kf4 34. Bb3 Re8 35. Rf1+ Ke5 36. Rb1 Nxd3 37. Kf3 Bb2 38. Bxe6 Bxa3 39.
Bxf7 Rf8 40. Rd1 Nf4 0-1

[Event "SPA Open A"]
[Site "Amsterdam NED"]
[Date "2011.07.11"]
[Round "3"]
[White "Miedema,D"]
[Black "Timmermans,I"]
[Result "1-0"]
[WhiteElo "2399"]
[BlackElo "2232"]
[EventDate "2011.07.09"]

1. e4 e5 2. Nf3 Nc6 3. Bc4 Nf6 4. d3 Be7 5. O-O O-O 6. a4 d6 7. a5 a6 8. h3
Kh8 9. Re1 Ng8 10. d4 f5 11. dxe5 fxe4 12. exd6 Bxd6 13. Ng5 Ne5 14. Bxg8
Kxg8 15. Nxe4 Bxh3 16. gxh3 Nf3+ 17. Kg2 Nxe1+ 18. Qxe1 Qe8 19. Qe2 Qe5 20.
Qc4+ Kh8 21. Nxd6 cxd6 22. Nc3 Qf5 23. Qe2 Rae8 24. Be3 Re6 25. Ra4 Rg6+
26. Rg4 Rxg4+ 27. hxg4 Qxa5 28. Bd4 Qd8 29. Ne4 Re8 30. Qf3 Qe7 31. Ng3 1-0

[Event "SPA Open A"]
[Site "Amsterdam NED"]
[Date "2011.07.11"]
[Round "3"]
[White "Kohler,Ar"]
[Black "Van Assendelft,F"]
[Result "0-1"]
[WhiteElo "2225"]
[BlackElo "2393"]
[EventDate "2011.07.09"]

1. Nf3 c5 2. e4 d6 3. d4 cxd4 4. Nxd4 Nf6 5. Nc3 a6 6. Be3 e6 7. g4 e5 8.
Nf5 h5 9. g5 Nxe4 10. Nxg7+ Bxg7 11. Nxe4 d5 12. Nf6+ Bxf6 13. gxf6 Nc6 14.
h4 Be6 15. c3 d4 16. cxd4 exd4 17. Bg5 Qd5 18. Rg1 Bg4 19. Be2 Qe6 20. Rg3
O-O-O 21. Kf1 Bxe2+ 22. Qxe2 Qd5 23. Kg1 Kb8 24. Bf4+ Ka8 25. Rg5 d3 26.
Qd2 Qe6 27. Rg3 Nd4 28. Re1 Qxf6 29. Bg5 Nf3+ 30. Rxf3 Qxf3 31. Re3 Qg4+
32. Kf1 Rd5 33. b3 Qf5 34. Qc3 Rc8 0-1

[Event "SPA Open A"]
[Site "Amsterdam NED"]
[Date "2011.07.11"]
[Round "3"]
[White "Posedaru,B"]
[Black "Markus,J"]
[Result "1-0"]
[WhiteElo "2354"]
[BlackElo "2137"]
[EventDate "2011.07.09"]

1. d4 Nf6 2. c4 c5 3. d5 e5 4. Nc3 d6 5. e4 Be7 6. g3 O-O 7. Bg2 Ne8 8.
Nge2 g6 9. Bh6 Ng7 10. Qd2 Nd7 11. O-O Nf6 12. f3 a6 13. a4 b6 14. Nc1 Kh8
15. Nd3 Ng8 16. Be3 f5 17. f4 exf4 18. Bxf4 fxe4 19. Nxe4 Nf5 20. Rae1 Nf6
21. Ng5 Rb8 22. Ne6 Bxe6 23. dxe6 b5 24. axb5 axb5 25. b3 Qb6 26. Bg5 Rbd8
27. g4 Nd4 28. Bxf6+ Rxf6 29. Rxf6 Bxf6 30. e7 Re8 31. Qf4 Kg7 32. g5 Bxe7
33. Rxe7+ 1-0

[Event "SPA Open A"]
[Site "Amsterdam NED"]
[Date "2011.07.11"]
[Round "3"]
[White "Lombaers,P"]
[Black "Ootes,La"]
[Result "0-1"]
[WhiteElo "2097"]
[BlackElo "2376"]
[EventDate "2011.07.09"]

1. d4 Nf6 2. c4 c5 3. d5 e6 4. Nc3 exd5 5. cxd5 d6 6. Nf3 g6 7. Bf4 a6 8.
a4 Bg7 9. h3 O-O 10. e3 Ne8 11. Nd2 Nd7 12. Nc4 Nb6 13. Na3 Bd7 14. a5 Nc8
15. Nc4 Bb5 16. Qb3 Nc7 17. Nb6 Bxf1 18. Nxa8 Bxg2 19. Nxc7 Bxh1 20. Qxb7
Ne7 21. Qb6 Nf5 22. Nxa6 Bxc3+ 23. bxc3 Qf6 24. Kd2 Bxd5 25. Nxc5 Rc8 26.
Na4 Nh4 27. Qxd6 Nf3+ 28. Kc2 Qf5+ 29. Kb2 Qd3 30. Rc1 Ne1 31. e4 Qe2+ 32.
Ka3 Qa2+ 33. Kb4 Qb3+ 0-1

[Event "SPA Open A"]
[Site "Amsterdam NED"]
[Date "2011.07.11"]
[Round "3"]
[White "Visser,HJ"]
[Black "Klein,Da"]
[Result "0-1"]
[WhiteElo "2225"]
[BlackElo "2366"]
[EventDate "2011.07.09"]

1. e4 c5 2. Nf3 d6 3. d4 Nf6 4. Nc3 cxd4 5. Nxd4 a6 6. Be3 e5 7. Nb3 Be6 8.
f3 Be7 9. Qd2 O-O 10. O-O-O a5 11. Bb5 Na6 12. Qe2 Qb8 13. Kb1 Nc7 14. Ba4
Rc8 15. g4 b5 16. Nxb5 Nxb5 17. Bxb5 a4 18. Nd2 d5 19. g5 Ra5 20. gxf6 Rxb5
21. b3 Bxf6 22. exd5 Bxd5 23. Qd3 axb3 24. cxb3 e4 25. Nxe4 Bxe4 0-1

[Event "SPA Open A"]
[Site "Amsterdam NED"]
[Date "2011.07.11"]
[Round "3"]
[White "Schneider,Ve"]
[Black "Vogel,Ja"]
[Result "1-0"]
[WhiteElo "2331"]
[BlackElo "2221"]
[EventDate "2011.07.09"]

1. e4 e6 2. d4 d5 3. Nd2 Nf6 4. e5 Nfd7 5. Bd3 c5 6. c3 Nc6 7. Ne2 cxd4 8.
cxd4 f6 9. exf6 Nxf6 10. Nf3 Bd6 11. O-O Qc7 12. Bd2 O-O 13. Rc1 Bd7 14.
Re1 Rae8 15. Qb3 Qb8 16. Ng3 a6 17. a4 Qa7 18. Bc3 a5 19. Re2 Nb4 20. Bxb4
axb4 21. Ra1 Re7 22. Qd1 Kh8 23. Bc2 Be8 24. Qe1 Bxg3 25. hxg3 Qb6 26. a5
Qd6 27. Ne5 Bb5 28. Bd3 Ba6 29. Ra4 b3 30. Qb4 Qc7 31. Ra1 Ne4 32. Qxb3 Rc8
33. Rc2 Qb8 34. Rac1 Rxc2 35. Qxc2 Bxd3 36. Nxd3 Nd6 37. Qc5 g6 38. Nf4 Kg7
39. Qb6 Kf7 40. b3 1-0

[Event "SPA Open A"]
[Site "Amsterdam NED"]
[Date "2011.07.11"]
[Round "3"]
[White "Osterwald,E"]
[Black "Afek,Y"]
[Result "1/2-1/2"]
[WhiteElo "2200"]
[BlackElo "2298"]
[EventDate "2011.07.09"]

1. c4 Nf6 2. g3 g6 3. Bg2 Bg7 4. Nc3 O-O 5. e4 d6 6. Nge2 e5 7. O-O Nc6 8.
d3 Nh5 9. Be3 f5 10. Qd2 Nd4 11. Bg5 Nxe2+ 12. Nxe2 Qe8 13. Be3 c6 14. exf5
Bxf5 15. d4 Rd8 16. Rad1 Bg4 17. Rfe1 Qf7 18. dxe5 Bxe5 19. f3 Be6 20. f4
Bg7 21. b3 a6 22. Nd4 Bg4 23. Nf3 Nf6 24. Bb6 Bxf3 25. Bxf3 Rd7 26. Bg2
1/2-1/2

[Event "SPA Open A"]
[Site "Amsterdam NED"]
[Date "2011.07.11"]
[Round "3"]
[White "Vroombout,E"]
[Black "Duijker,R"]
[Result "1-0"]
[WhiteElo "2175"]
[BlackElo "2276"]
[EventDate "2011.07.09"]

1. e4 c5 2. Nf3 Nc6 3. d4 cxd4 4. Nxd4 Nf6 5. Nc3 d6 6. Bg5 Bd7 7. Be2 Qa5
8. Bxf6 gxf6 9. O-O Nxd4 10. Qxd4 Rc8 11. a4 a6 12. Nd5 Qc5 13. Qxc5 Rxc5
14. c3 f5 15. b4 Rc8 16. Bf3 Bg7 17. Rae1 f4 18. Nxf4 Bxc3 19. Rb1 Bxa4 20.
Rfc1 Kd7 21. Nd5 Bd4 22. Bd1 Bc6 23. Bg4+ e6 24. Rd1 Ba7 25. e5 dxe5 26.
Nb6+ Ke7 27. Nxc8+ Rxc8 28. Rbc1 Rg8 29. Bh3 Bd4 30. g3 Bf3 31. Rd2 Kd6 32.
Bg2 Bd5 33. Kf1 Rd8 34. Rdc2 Rd7 35. Rc8 f6 36. Rd1 Rc7 37. Rxc7 Kxc7 38.
Bxd5 exd5 39. g4 Bc3 40. Rxd5 Bxb4 41. Ke2 Bd6 42. Kd3 Kd7 43. f4 Ke6 44.
Ra5 Bb4 45. f5+ Kd6 46. Ra4 a5 47. Kc4 Kc6 48. Ra1 b5+ 49. Kb3 e4 50. h4 h6
51. Rc1+ Kd5 52. Rc8 e3 53. Re8 Bc5 54. g5 fxg5 55. hxg5 hxg5 56. f6 g4 57.
f7 Kd4 58. Kc2 g3 59. Rg8 Bb4 60. Rg4+ Kd5 61. Rxb4 axb4 62. f8=Q 1-0

[Event "SPA Open A"]
[Site "Amsterdam NED"]
[Date "2011.07.11"]
[Round "3"]
[White "Van der Lende,I"]
[Black "Testa,Ad"]
[Result "1/2-1/2"]
[WhiteElo "2141"]
[BlackElo "2269"]
[EventDate "2011.07.09"]

1. e4 c6 2. d4 g6 3. Nf3 d5 4. exd5 cxd5 5. c4 Nf6 6. Nc3 Bg7 7. cxd5 Nxd5
8. Qb3 Nxc3 9. bxc3 O-O 10. Be2 Qc7 11. O-O Nc6 12. Bb2 Be6 13. c4 Na5 14.
Qb4 Qb6 15. Qxb6 axb6 16. d5 Bxb2 17. Rab1 Bxd5 18. cxd5 Ba3 19. Rxb6 Bc5
20. Rbb1 Rfd8 21. Rfd1 b6 22. Bb5 Rd6 23. Rd3 Rad8 24. Rbd1 Rf6 25. R1d2
Nb7 26. Bc6 Nd6 27. Re2 Nc4 28. Nd2 Na5 29. Ba4 Rf5 30. Nb3 Rdxd5 31. Nxc5
bxc5 32. Rxd5 Rxd5 33. Rxe7 Rd2 34. g3 Rxa2 35. Bb5 Rb2 36. Ba6 Rb6 37. Bf1
Rc6 38. Ra7 Nb3 39. Bc4 Nd2 40. Bxf7+ Kf8 41. Bd5 Rd6 42. Ba2 h6 43. Kg2
Rc6 44. Rd7 Ne4 45. Rf7+ Ke8 46. Rf4 Nf6 47. h4 Ke7 48. g4 g5 49. hxg5 hxg5
50. Rf5 Nxg4 1/2-1/2

[Event "SPA Open A"]
[Site "Amsterdam NED"]
[Date "2011.07.11"]
[Round "3"]
[White "Geenen,M"]
[Black "Mellema,A"]
[Result "1/2-1/2"]
[WhiteElo "2267"]
[BlackElo "2131"]
[EventDate "2011.07.09"]

1. e4 e6 2. d4 d5 3. Nd2 dxe4 4. Nxe4 Nd7 5. Nf3 Ngf6 6. Nxf6+ Nxf6 7. c3
Be7 8. Bd3 b6 9. Ne5 Bb7 10. Bb5+ Kf8 11. Nf3 c5 12. Be3 Bxf3 13. Qxf3 Qd5
14. Bc6 Qxf3 15. Bxf3 Rd8 16. Ke2 Nd5 17. Bxd5 Rxd5 18. c4 Rd8 19. Rhd1
cxd4 20. Rxd4 Rxd4 21. Bxd4 Bc5 22. Bc3 a5 23. Rd1 Ke7 24. Bxg7 Rg8 25. Be5
Rg4 26. Kf3 1/2-1/2

[Event "SPA Open A"]
[Site "Amsterdam NED"]
[Date "2011.07.11"]
[Round "3"]
[White "Pauw,S"]
[Black "Schoorl,R"]
[Result "0-1"]
[WhiteElo "2115"]
[BlackElo "2262"]
[EventDate "2011.07.09"]

1. e4 e5 2. Nf3 Nc6 3. d4 exd4 4. Nxd4 Nf6 5. Nxc6 bxc6 6. e5 Qe7 7. Qe2
Nd5 8. c4 Nb6 9. Nc3 Qe6 10. Qe4 g6 11. f4 Bg7 12. c5 Nd5 13. Bc4 Bb7 14.
O-O O-O 15. Be3 d6 16. cxd6 cxd6 17. Na4 f6 18. Rad1 Kh8 19. Bxd5 cxd5 20.
Qb4 Bc6 21. Bd4 fxe5 22. fxe5 Bxa4 23. Rxf8+ Rxf8 24. Qxa4 dxe5 25. Bxa7 d4
26. Re1 Qf7 0-1

[Event "SPA Open A"]
[Site "Amsterdam NED"]
[Date "2011.07.11"]
[Round "3"]
[White "Gravemaker,Wim Laurens"]
[Black "Hendrikx,Niels"]
[Result "1-0"]
[WhiteElo "2047"]
[BlackElo "2246"]
[EventDate "2011.07.09"]

1. e4 e6 2. d4 d5 3. Nd2 Nf6 4. e5 Nfd7 5. f4 c5 6. c3 Nc6 7. Ndf3 Be7 8.
g3 Qb6 9. Ne2 cxd4 10. cxd4 O-O 11. Bh3 Re8 12. O-O Nf8 13. Kh1 f6 14. b3
Ng6 15. a4 Bd7 16. Ba3 Nb4 17. exf6 Bxf6 18. Nc3 Bc6 19. Qd2 Na6 20. Rab1
Qd8 21. b4 Nc7 22. b5 Bd7 23. Rfe1 b6 24. f5 exf5 25. Rxe8+ Qxe8 26. Bd6
Bd8 27. Re1 Qf7 28. Ne5 Nxe5 29. Rxe5 Ne8 30. Bg2 Nf6 31. Nxd5 Rc8 32. Be7
Be6 33. Nf4 Bd7 34. Bxf6 Qxf6 35. Bd5+ Kh8 36. Bb7 Rb8 37. Bc6 Bxc6+ 38.
bxc6 Qxc6+ 39. d5 Qd6 40. Re8+ 1-0

[Event "SPA Open A"]
[Site "Amsterdam NED"]
[Date "2011.07.11"]
[Round "3"]
[White "Otte,Mari"]
[Black "Smit,F"]
[Result "1-0"]
[WhiteElo "2244"]
[BlackElo "2055"]
[EventDate "2011.07.09"]

1. e4 c6 2. d4 d5 3. e5 Bf5 4. c3 e6 5. Be3 Qb6 6. Qb3 Nd7 7. f4 Bxb1 8.
Rxb1 Qxb3 9. axb3 f6 10. Nf3 Nh6 11. Bd3 Be7 12. b4 a6 13. O-O Nf7 14. Bd2
f5 15. Ra1 Nb6 16. h3 Kd7 17. g4 g6 18. Kg2 h5 19. gxf5 gxf5 20. b3 Rhg8+
21. Kh2 Rg7 22. Be2 Rh8 23. Rg1 Rxg1 24. Rxg1 Na8 25. Rg6 Nc7 26. Kg1 Ke8
27. Kf2 Kf8 28. Ng1 Nd8 29. Ke3 Kf7 30. Rg2 Ne8 31. Nf3 Ng7 32. Be1 Rh6 33.
Bh4 Bxh4 34. Nxh4 Kf8 35. c4 Kf7 36. Rg1 Ne8 37. Kd2 Ke7 38. Rg5 Nf7 39.
Rxh5 Rxh5 40. Bxh5 Ng7 41. Be2 b5 42. Ke3 Nh8 43. Bd3 Kf7 44. cxd5 cxd5 45.
Be2 Ke7 46. Ng2 Nf7 47. Ne1 Nh6 48. Nd3 Ne8 49. Nc5 Nc7 50. Bh5 Nf7 51. Nb7
Nh6 52. Kf3 Kf8 53. Kg3 Ng8 54. Kh4 Kg7 55. Kg5 Ne7 56. Nd8 Kf8 57. h4 Ng8
58. Bf7 1-0

[Event "SPA Open A"]
[Site "Amsterdam NED"]
[Date "2011.07.11"]
[Round "3"]
[White "Roebers,J"]
[Black "Edeling,J"]
[Result "1/2-1/2"]
[WhiteElo "2219"]
[BlackElo "2115"]
[EventDate "2011.07.09"]

1. e4 g6 2. f4 d5 3. e5 c5 4. Nf3 Nc6 5. Be2 Bg4 6. c3 e6 7. d3 Nh6 8. Ng5
Bxe2 9. Qxe2 Nf5 10. g4 Ng7 11. h3 h5 12. Rg1 Be7 13. Nd2 Bxg5 14. fxg5 Qb6
15. Rf1 Qc7 16. Nf3 O-O-O 17. Bf4 Qa5 18. Kf2 hxg4 19. hxg4 Qa4 20. Qd2 Rh3
21. b3 Qa3 22. Kg2 Rh7 23. Qe2 c4 24. Bc1 cxd3 25. Qxd3 Qe7 26. Be3 Qc7 27.
Bd4 Kb8 28. Rh1 Rdh8 29. Rxh7 Rxh7 30. Qe3 Nxd4 31. cxd4 Qc2+ 32. Kg3 Rh8
33. Rc1 Qb2 34. a4 Ne8 35. Rg1 Qa3 36. Qc3 Nc7 37. Ra1 Qe7 38. Rc1 Rc8 39.
b4 Qd7 40. b5 Na8 41. Qa3 Rxc1 42. Qxc1 Nb6 43. Qa3 Nc8 44. Qf8 Qe7 45. Qg8
b6 46. Kf4 Kb7 47. Nh4 Qc7 48. Kg3 a6 49. Nxg6 axb5 50. axb5 Qc3+ 51. Kh4
Qe1+ 52. Kh5 fxg6+ 53. Kh6 Qh4+ 54. Kg7 Qxg4 55. Qf7+ Kb8 56. Kxg6 Qxd4 57.
Qxe6 Qe4+ 58. Kf7 Qh7+ 59. Kf8 Qh8+ 60. Kf7 Qh7+ 61. Kf8 Qh8+ 62. Kf7 Qh7+
1/2-1/2

[Event "SPA Open A"]
[Site "Amsterdam NED"]
[Date "2011.07.11"]
[Round "3"]
[White "Spiler,Angelo"]
[Black "Brink,B"]
[Result "0-1"]
[WhiteElo "2111"]
[BlackElo "2204"]
[EventDate "2011.07.09"]

1. e4 c5 2. Nf3 e6 3. d4 cxd4 4. Nxd4 Nc6 5. Nb5 d6 6. Bf4 e5 7. Be3 a6 8.
N5c3 Nf6 9. Bc4 Be6 10. Nd5 Bxd5 11. Bxd5 Nxd5 12. Qxd5 Be7 13. c3 O-O 14.
O-O Bg5 15. Bxg5 Qxg5 16. Na3 Rae8 17. f4 Qd8 18. f5 Qb6+ 19. Rf2 Ne7 20.
Qd2 Qc6 21. f6 Ng6 22. Re1 gxf6 23. Rxf6 Re6 24. Rf3 Nf4 25. g3 Rg6 26. Kh1
Ne6 27. Nc2 Ng5 28. Rfe3 a5 29. h4 Nxe4 30. Rxe4 f5 31. Kh2 fxe4 32. Ne3
Rf3 33. g4 Rxe3 34. Qxe3 Rxg4 35. Qh6 d5 36. Qh5 Qg6 37. Qxg6+ Rxg6 38. c4
d4 39. Rxe4 Re6 40. Kg3 Kf7 41. Kf3 h5 42. Ke2 Kf6 43. Kd3 Kf5 44. Re1 Rg6
45. Rf1+ Ke6 46. Rf8 Rg3+ 47. Kc2 e4 48. Rb8 Rg2+ 49. Kb3 e3 50. Re8+ Kf5
51. c5 Rd2 52. a4 e2 0-1

[Event "SPA Open A"]
[Site "Amsterdam NED"]
[Date "2011.07.11"]
[Round "3"]
[White "Van Hengel,H"]
[Black "Sanders,I"]
[Result "1-0"]
[WhiteElo "2203"]
[BlackElo "2105"]
[EventDate "2011.07.09"]

1. e4 c5 2. Nf3 d6 3. d4 cxd4 4. Nxd4 Nf6 5. Nc3 a6 6. Bg5 e6 7. f4 Be7 8.
Qf3 Nbd7 9. O-O-O Qc7 10. g4 b5 11. Bxf6 gxf6 12. Rg1 Bb7 13. a3 O-O-O 14.
Kb1 Nc5 15. Qe3 Kb8 16. f5 e5 17. Nb3 Na4 18. Nd5 Bxd5 19. Rxd5 Nb6 20. Rd2
Nc4 21. Bxc4 bxc4 22. Rg3 cxb3 23. Qxb3+ Ka7 24. Rc3 Qb7 25. Qxf7 Rb8 26.
Rb3 Qd7 27. Rdd3 Rxb3 28. Rxb3 Re8 29. Qxh7 d5 30. g5 Rd8 31. g6 dxe4 32.
g7 e3 33. g8=Q Rxg8 34. Qxg8 Bd8 35. Rxe3 Qxf5 36. Qxd8 Qf1+ 37. Ka2 Qc4+
38. Rb3 1-0

[Event "SPA Open A"]
[Site "Amsterdam NED"]
[Date "2011.07.11"]
[Round "3"]
[White "Goes,S"]
[Black "Van Eekhout,D"]
[Result "1-0"]
[WhiteElo "2104"]
[BlackElo "2173"]
[EventDate "2011.07.09"]

1. e4 Nf6 2. e5 Nd5 3. c4 Nb6 4. d4 d6 5. f4 dxe5 6. fxe5 Nc6 7. Be3 Bf5 8.
Nc3 e6 9. Nf3 Bg4 10. Be2 Bxf3 11. gxf3 Qd7 12. Qd2 O-O-O 13. O-O-O Bb4 14.
Qc2 Be7 15. Rhg1 g5 16. Ne4 h6 17. a3 a5 18. Kb1 Kb8 19. Qc3 Na4 20. Qb3
Nb6 21. Qb5 Qc8 22. h4 gxh4 23. f4 Rhg8 24. Rxg8 Rxg8 25. d5 exd5 26. cxd5
Na7 27. Qxa5 Qf5 28. Bd3 Qh5 29. Rf1 Nac8 30. f5 h3 31. d6 Bd8 32. Nf6 Bxf6
33. dxc7+ Kxc7 34. Rc1+ Kb8 35. exf6 Qf3 36. Qe5+ Ka8 37. Be4 Qe2 38. Qa5+
Na7 39. Bxb6 Qxe4+ 40. Ka1 1-0